Statistics for The Sidemen Trivia

Click here to take the quiz!

General Stats

  • This quiz has been taken 1,260 times
  • The average score is 9 of 15

Answer Stats

HintAnswer% Correct
The city where the Sidemen liveLondon
96%
Miniminter's favourite colourRed
92%
The game Vik has dedicate his second channel toMinecraft
91%
Tobi's brother with the YouTube ChannelManny
87%
Where is the youngest Sidemen fromGuernsey
75%
Popular grime artist referred to as the Eighth SidemenJME
68%
What was the name of the opposing team the Sidemen played in the charity matchYouTube Allstars
67%
Where is Vik from (in England)Sheffield
61%
KSI's first ever EPKeep Up
47%
Who has appeared in the most challenge videosJosh
46%
Josh's beverage of choiceDr.Pepper
38%
Game earlier played by all the Sidemen, abandoned and seemingly resumed as of July 2016GTA Online
29%
What was the name of the opposing team the Sidemen played in the Wembley CupSpencer FC
26%
The tower where JJ, Ethan, Harry and Tobi stayHalo Tower
14%
Popular game played by the Sidemen which involves walkingPokémon Go
13%

Score Distribution

Percentile by Number Answered

Percent of People with Each Score

Your Score History

You have not taken this quiz